University Home | Library Home | Institutional Repository

Africana / (Record no. 188289)

MARC details
000 -LEADER
fixed length control field 00625cam8a220021700 4500
001 - CONTROL NUMBER
control field lce00137384
008 - FIXED-LENGTH DATA ELEMENTS--GENERAL INFORMATION
fixed length control field 761026s1977 nyua 000 1 eng
010 ## - LIBRARY OF CONGRESS CONTROL NUMBER
LC control number 76049494
020 ## - INTERNATIONAL STANDARD BOOK NUMBER
International Standard Book Number 0688031668
035 ## - SYSTEM CONTROL NUMBER
System control number (Sirsi) r26359
035 ## - SYSTEM CONTROL NUMBER
System control number (DLC) 76049494
035 ## - SYSTEM CONTROL NUMBER
System control number (UPRA)lce00137384
050 0# - LIBRARY OF CONGRESS CALL NUMBER
Classification number PZ4.H3223
Item number Af
Classification number PS3558.A672
082 ## - DEWEY DECIMAL CLASSIFICATION NUMBER
Classification number 813/.5/4
100 1# - MAIN ENTRY--PERSONAL NAME
Personal name Harrison, William, 1933-
Dates associated with a name Harrison, William, 1933-
Linkage A90061.1
245 10 - TITLE STATEMENT
Title Africana /
Statement of responsibility, etc. William Harrison.
260 ## - PUBLICATION, DISTRIBUTION, ETC.
Place of publication, distribution, etc. New York :
Name of publisher, distributor, etc. Morrow,
Date of publication, distribution, etc. 1977.
500 ## - GENERAL NOTE
General note A novel.
949 ## - LOCAL PROCESSING INFORMATION (OCLC)
a PZ4.H3223
w lcc
i -27091
m MAIN
t BOOK
l ON-SHELF

No items available.

© 2026 - The University of Zambia Library - Koha v25.11